01229 2200277 4500001002100000005001500021035002000036008004100056020001800097041000800115082001200123084001800135100002700153245005800180260005500238300002000293500002600313520042400339650003200763990002600795990002600821990002600847990002600873990002600899990002600925INLIS00000000000385920221101044247 a0010-0520003859221101 | | eng  a90-411-1340-1 aeng a344.046 a344.046 BAS e0 aBasse, Ellen Margrethe1 aEnvironmental Law in Denmark /cEllen Margrethe Basse aThe Netherlands :bKluwer Law International,c2000 a228 p. ;c24 cm aIndeks : p. 223 - 228 a"This book contains, besides a general introduction, a description of Danish environmental legislation, an overview of the basic principles of Danish environmental law, the historical background, the role of governmental institutions and the sources of environmental law. Other subjects covered are pollution control legislation, nature and conservation management, zoning and land-use planning, and judicial remedies " 4aEnvironmental Law - Denmark a15567/MKRI-P/XII-2009 a15568/MKRI-P/XII-2009 a15567/MKRI-P/XII-2009 a15568/MKRI-P/XII-2009 a15568/MKRI-P/XII-2009 a15567/MKRI-P/XII-2009